000 01281nam a2200325 a 4500
003 CO-PeBPR
005 20260413115431.0
008 231210s2023 ck a|||ar|||| 00||| spa d
020 _a9786287672093
040 0 _aCO-PeBPR
_bspa
_cCO-PeBPR
_erda
041 0 _hspa
082 0 4 _a(i) 813 S634g
100 1 _aSlobodkin, Louis
_d1903-1975
_eautor
_9279634
245 1 0 _aLos gatos (y gatitos) del señor Petersand
_c/ Louis Slobodkin ; traducción de Jennifer Feeley y Rodolfo Téllez Girón
250 _aEdición especial
264 _aBogotá, Colombia
_b: Loqueleo
_c, 2023
300 _a71 páginas
_b: ilustraciones a color
_c; 26 centímetros
336 _atexto
_btxt
337 _asin mediación
_bn
_2rdamedia
338 _avolumen
_bnc
_2rdacarrier
521 _aRecomendado para un público infantil a partir de los 6 años
534 _tMr. Petersand's Cats (and Kittens)
650 1 4 _2LEMB
_aCuentos infantiles estadounidenses
_ySiglo XX
_91534
650 1 4 _2LEMB
_aLiteratura infantil estadounidense
_ySiglo XX
_96137
650 1 4 _2LEMB
_aMisterio en la literatura
_9279635
650 1 4 _2LEMB
_aGatos en la literatura
_9279636
700 1 _aFeeley, Jennifer
_etraductora
_9279637
700 1 _aTéllez Girón, Rodolfo
_etraductor
_9279638
942 _2ddc
_cBKINF
999 _c17369
_d17369